| 000 | 00382cam a22001217a 4500 | ||
|---|---|---|---|
| 008 | 180718b1972 xxu||||| |||| 00| 0 eng d | ||
| 082 | _aB08 B562 | ||
| 100 | _aBlackburn, Robin | ||
| 245 |
_aIdeology in social sciences: readings in critical social history _cbyrobin Blackburn |
||
| 260 |
_aNew York _bPantheon Books _c1972 |
||
| 300 | _a382p. | ||
| 650 | _aSocial sciences - Methodology | ||
| 999 |
_c342185 _d342185 |
||